00739nam a2200217Ii 45000010005000000030009000050080041000140400033000550410008000880820017000961000027001132450046001402640038001863000012002243360026002363370028002623380027002909400050003179990017003679520137003848335CO-ViMGA241108s9999||||xx |||||||||||||| ||und|| aCO-ViMGAbspaerdacCO-ViMGA0 aspa04a320.51 M828o1 aMorales Benitez95072310aOrigen, programas y tesis del liberalismo 1aBogotá, Colombia : Lerner, 1988 avolumen atextbtxt2rdacontent aunmediatedbn2rdamedia avolumebnc2rdacarrier aidficha_siabuc: 8145. -- ficha_no_siabuc:8335 c45409d45409 001040708001aMEVIGERRbMEVIGERRcGENd2006-11-27o320.51 M828opECA8499r2024-11-26 09:28:47tEj.1w2024-11-26yBKz8145 | 11383